| 000 | 00558nam a2200157 4500 | ||
|---|---|---|---|
| 999 |
_c7533 _d7533 |
||
| 008 | 170929b xxu||||| |||| 00| 0 eng d | ||
| 022 | _a01181831 | ||
| 082 | _aDPer 613.05 H34 Jul-Nov 2013 | ||
| 100 |
_922825 _aDela Cruz, Stef. |
||
| 245 |
_aWhy ladies are lightning up: _binvestigating an alarming rise in tobacco addiction among women/ _cStef Dela Cruz. |
||
| 260 |
_aPhilippines: _bMIMS Pte Ltd KDN, _c©2013. |
||
| 300 |
_apages 22-24: _billustrations; _c28 cm. |
||
| 500 | _aHealth today. | ||
| 650 | 0 |
_922826 _aSmoking _xHabit. |
|
| 942 |
_2ddc _cPER |
||